[Event "4NCL Online Division 2"]
[Site "online"]
[Date "2020.10.20"]
[Round "5.33"]
[White "Pert, Nina"]
[Black "Bill, Vincenz"]
[Result "1-0"]
[WhiteElo "1787"]
[BlackElo "1367"]
[PlyCount "39"]
[EventDate "2020.10.20"]
[WhiteTeam "Brentwood A"]
[BlackTeam "Warwick University B"]

1. e4 e6 2. d4 d5 3. Nc3 Nf6 4. e5 Ne4 5. Nxe4 dxe4 6. Bc4 c5 7. d5 a6 8. d6 b5
9. Be2 Bb7 10. Be3 Nd7 11. f4 exf3 12. Nxf3 Bxf3 13. Bxf3 Nxe5 14. Bxa8 Qxa8
15. O-O Qc6 16. Bf4 Bxd6 17. Qh5 Nc4 18. Bh6 gxh6 19. Qxf7+ Kd8 20. Qf6+ 1-0

[Event "4NCL Online Division 2"]
[Site "online"]
[Date "2020.10.20"]
[Round "5.34"]
[White "Fakhoury, Ziad Oussma"]
[Black "Hughes, Gavin James"]
[Result "1-0"]
[WhiteElo "1247"]
[BlackElo "1773"]
[PlyCount "39"]
[EventDate "2020.10.20"]
[WhiteTeam "Warwick University B"]
[BlackTeam "Brentwood A"]

1. c4 b6 2. Nc3 e6 3. Nf3 Bb7 4. e3 f5 5. g3 Nf6 6. Bg2 Be7 7. d4 O-O 8. O-O h6
9. d5 exd5 10. cxd5 Bb4 11. Nh4 Bxc3 12. bxc3 Ne4 13. Nxf5 Nxc3 14. Nxh6+ gxh6
15. Qg4+ Qg5 16. Qc4 Nxd5 17. e4 Qg4 18. h3 b5 19. Qxb5 Bc6 20. Qc4 1-0

[Event "4NCL Online Division 2"]
[Site "online"]
[Date "2020.10.20"]
[Round "5.41"]
[White "Willmott, Neil D"]
[Black "Srivastava, Arnav"]
[Result "0-1"]
[WhiteElo "1930"]
[BlackElo "2027"]
[PlyCount "136"]
[EventDate "2020.10.20"]
[WhiteTeam "St Albans 1"]
[BlackTeam "Poisoned Pawns"]

1. Nf3 Nf6 2. c4 e6 3. b3 Be7 4. Bb2 b6 5. g3 Bb7 6. Bg2 O-O 7. O-O d5 8. cxd5
exd5 9. d4 c5 10. Nc3 Nc6 11. Rc1 Rb8 12. dxc5 d4 13. Nb1 bxc5 14. Nbd2 Qd7 15.
Nc4 Rfd8 16. Ne1 Nb4 17. Ra1 Bxg2 18. Kxg2 Ne4 19. Nf3 Nd5 20. Qc2 Nec3 21.
Bxc3 Nxc3 22. Qd3 Bf6 23. Rfc1 Qe6 24. Rc2 Rd5 25. h3 Re8 26. Re1 Qe4 27. Qxe4
Rxe4 28. Kf1 Rd7 29. Nfd2 Rxe2 30. Rxe2 Nxe2 31. Ne4 d3 32. Nxf6+ gxf6 33. Rd2
Kg7 34. Nb2 Nc1 35. Ke1 Nxa2 36. Rxd3 Re7+ 37. Kd2 Nb4 38. Re3 Rd7+ 39. Ke2 Kg6
40. Nd3 Rxd3 41. Rxd3 Nxd3 42. Kxd3 Kf5 43. Kc4 Ke4 44. Kxc5 Kf3 45. Kb5 Kxf2
46. Ka6 Kxg3 47. Kxa7 f5 48. b4 f4 49. b5 f3 50. b6 f2 51. b7 f1=Q 52. b8=Q+
Kxh3 53. Qb3+ Kg4 54. Qc2 h5 55. Qe4+ Qf4 56. Qg2+ Qg3 57. Qe2+ Qf3 58. Qc4+
Kg3 59. Qc7+ Kg2 60. Qe7 Qf2+ 61. Kb7 h4 62. Qg5+ Kh2 63. Kc8 f5 64. Kd8 f4 65.
Ke7 Qg3 66. Qb5 f3 67. Qf1 f2 68. Qc4 Kg1 0-1

[Event "4NCL Online Division 2"]
[Site "online"]
[Date "2020.10.20"]
[Round "5.42"]
[White "Volovich, Julia"]
[Black "Freeman, Jon A"]
[Result "1-0"]
[WhiteElo "1937"]
[BlackElo "1945"]
[PlyCount "57"]
[EventDate "2020.10.20"]
[WhiteTeam "Poisoned Pawns"]
[BlackTeam "St Albans 1"]

1. d4 Nf6 2. c4 e6 3. Nc3 Bb4 4. Qc2 c5 5. dxc5 Bxc5 6. Nf3 O-O 7. Bg5 b6 8. e4
Be7 9. e5 Ne8 10. Qe4 Nc6 11. Bd3 g6 12. h4 Ng7 13. Bxe7 Qxe7 14. h5 f5 15.
exf6 Qxf6 16. hxg6 hxg6 17. Qxg6 Qxg6 18. Bxg6 Ba6 19. Bh7+ Kf7 20. O-O-O Rfd8
21. b3 Rac8 22. Kb2 d6 23. Be4 Ne7 24. Ng5+ Kg8 25. Rh7 Nef5 26. g4 d5 27. cxd5
exd5 28. Bxd5+ Rxd5 29. Nxd5 1-0

[Event "4NCL Online Division 2"]
[Site "online"]
[Date "2020.10.20"]
[Round "5.43"]
[White "Gemmell, John"]
[Black "Weersing, Abigail Riis"]
[Result "1-0"]
[WhiteElo "1922"]
[BlackElo "1945"]
[PlyCount "101"]
[EventDate "2020.10.20"]
[WhiteTeam "St Albans 1"]
[BlackTeam "Poisoned Pawns"]

1. d4 Nf6 2. Bf4 d5 3. e3 e6 4. Nd2 c5 5. c3 Nc6 6. Ngf3 Bd6 7. Bg3 O-O 8. Bd3
b6 9. Qe2 Qc7 10. Rd1 cxd4 11. Bxd6 Qxd6 12. exd4 Re8 13. Ne5 Ne7 14. O-O Ng6
15. f4 Bb7 16. Rde1 Re7 17. g4 Rae8 18. g5 Nd7 19. Qg4 f5 20. gxf6 Nxf6 21. Qg5
Ne4 22. Nxe4 dxe4 23. Bxe4 Bxe4 24. Rxe4 Nxe5 25. fxe5 Qd8 26. Ref4 Rc7 27. Qh5
Qe7 28. Rh4 g6 29. Qh6 Rf8 30. Rhf4 Rf5 31. h4 Rc8 32. Rxf5 exf5 33. Qg5 Kf7
34. Kh2 Qxg5 35. hxg5 Ke6 36. Kg3 b5 37. Rc1 Kd5 38. Kf4 Rc7 39. b3 b4 40. c4+
Kxd4 41. Rd1+ Kc5 42. e6 Re7 43. Ke5 f4 44. Kf6 Rc7 45. e7 Rc6+ 46. Kf7 Rc7 47.
Kf8 Rc8+ 48. Rd8 f3 49. Rxc8+ Kb6 50. e8=Q f2 51. Qb5# 1-0

[Event "4NCL Online Division 2"]
[Site "online"]
[Date "2020.10.20"]
[Round "5.44"]
[White "Zheng, Harry Z"]
[Black "Palmer, James C"]
[Result "1-0"]
[WhiteElo "1915"]
[BlackElo "1705"]
[PlyCount "29"]
[EventDate "2020.10.20"]
[WhiteTeam "Poisoned Pawns"]
[BlackTeam "St Albans 1"]

1. e4 e5 2. Nf3 f5 3. Nxe5 Qf6 4. d4 d6 5. Nc4 fxe4 6. Nc3 Qg6 7. f3 exf3 8.
Qxf3 Nf6 9. Bd3 Qf7 10. O-O Nc6 11. Be3 Bg4 12. Qg3 Qd7 13. h3 Bh5 14. Rae1
O-O-O 15. Bf5 1-0

[Event "4NCL Online Division 2"]
[Site "online"]
[Date "2020.10.20"]
[Round "5.51"]
[White "Bui, Kyan"]
[Black "Thompson, Robert"]
[Result "0-1"]
[WhiteElo "2132"]
[BlackElo "1985"]
[PlyCount "94"]
[EventDate "2020.10.20"]
[WhiteTeam "Anglia Avengers 2"]
[BlackTeam "Downend 1"]

1. e4 d6 2. d4 Nf6 3. Nc3 e5 4. dxe5 dxe5 5. Qxd8+ Kxd8 6. Nf3 Bd6 7. Bc4 Be6
8. Bxe6 fxe6 9. Be3 Ke7 10. O-O a6 11. a3 h6 12. h3 Nc6 13. Nd2 Nd4 14. Rac1 b5
15. f3 c5 16. Kf2 Rac8 17. Ne2 Nh5 18. c3 Nxe2 19. Kxe2 Ng3+ 20. Kf2 Nxf1 21.
Kxf1 c4 22. Bf2 Rhd8 23. Ke2 Bc5 24. Bxc5+ Rxc5 25. Nf1 Rc6 26. Ne3 Rcd6 27.
Rc2 h5 28. g3 g5 29. a4 Rc6 30. axb5 axb5 31. Rd2 Rxd2+ 32. Kxd2 Rd6+ 33. Ke2
Rd3 34. Nc2 g4 35. hxg4 hxg4 36. Ne1 gxf3+ 37. Nxf3 Kf6 38. g4 b4 39. g5+ Kg7
40. Nxe5 bxc3 41. Nxd3 cxd3+ 42. Kxd3 cxb2 43. Kc2 Kg6 44. Kxb2 Kxg5 45. Kc1
Kf4 46. Kd2 Kxe4 47. Ke2 e5 0-1

[Event "4NCL Online Division 2"]
[Site "online"]
[Date "2020.10.20"]
[Round "5.52"]
[White "Meadows, Michael"]
[Black "Jermy, Jaden"]
[Result "1-0"]
[WhiteElo "2035"]
[BlackElo "2057"]
[PlyCount "75"]
[EventDate "2020.10.20"]
[WhiteTeam "Downend 1"]
[BlackTeam "Anglia Avengers 2"]

1. e4 c5 2. Nf3 e6 3. d4 cxd4 4. Nxd4 a6 5. Bd3 Qc7 6. O-O Nf6 7. Qe2 d6 8. f4
Be7 9. c4 Nc6 10. Nxc6 bxc6 11. Nc3 e5 12. f5 Bb7 13. Bg5 h6 14. Be3 O-O 15.
Rac1 Rfd8 16. Qf3 Qd7 17. Na4 c5 18. Nb6 Qc6 19. Nxa8 Bxa8 20. Rfe1 Nxe4 21.
Bxh6 Ng5 22. Qxc6 Bxc6 23. Bxg5 Bxg5 24. Rcd1 a5 25. Be4 Be8 26. Rd3 Be7 27. g3
Rb8 28. Re2 Rb4 29. Rc2 Kf8 30. h4 Rb6 31. Kf2 Bd8 32. Ke3 Ke7 33. g4 f6 34. h5
Bc6 35. Bxc6 Rxc6 36. Rb3 Bc7 37. Ke4 a4 38. Rb7 1-0

[Event "4NCL Online Division 2"]
[Site "online"]
[Date "2020.10.20"]
[Round "5.53"]
[White "Moore, Geoffrey R"]
[Black "Conterno, Dominique"]
[Result "0-1"]
[WhiteElo "2057"]
[BlackElo "1885"]
[PlyCount "80"]
[EventDate "2020.10.20"]
[WhiteTeam "Anglia Avengers 2"]
[BlackTeam "Downend 1"]

1. e4 d6 2. d4 Nf6 3. Nc3 g6 4. f4 Bg7 5. Nf3 c5 6. dxc5 Qa5 7. Qd4 O-O 8. cxd6
exd6 9. Bd2 Nc6 10. Qe3 Re8 11. Bd3 Qd8 12. O-O d5 13. Qe2 dxe4 14. Nxe4 Nxe4
15. Bxe4 Nd4 16. Qd3 Nxf3+ 17. Rxf3 Qb6+ 18. Kh1 Qxb2 19. Raf1 Bg4 20. R3f2
Rad8 21. Bc1 Qxa2 22. Qg3 Rxe4 23. Qxg4 Rde8 24. Qf3 Qc4 25. h3 f5 26. Qa3 b5
27. Bb2 Bxb2 28. Qxb2 Re1 29. Rxe1 Rxe1+ 30. Kh2 a5 31. Qf6 a4 32. h4 Qf7 33.
Qd8+ Re8 34. Qa5 Qf6 35. g3 Qd4 36. Kg2 Qe4+ 37. Kh2 Qe1 38. Qxe1 Rxe1 39. c3
Rc1 40. Rb2 a3 0-1

[Event "4NCL Online Division 2"]
[Site "online"]
[Date "2020.10.20"]
[Round "5.54"]
[White "Pickup, Ian R"]
[Black "Hampton, Christopher"]
[Result "0-1"]
[WhiteElo "1810"]
[BlackElo "1978"]
[PlyCount "58"]
[EventDate "2020.10.20"]
[WhiteTeam "Downend 1"]
[BlackTeam "Anglia Avengers 2"]

1. e4 e6 2. d4 d5 3. e5 c5 4. c3 Nc6 5. Nf3 Qb6 6. Bd3 cxd4 7. cxd4 Bd7 8. O-O
Nxd4 9. Nxd4 Qxd4 10. Re1 Ne7 11. Nc3 a6 12. Kh1 Nc6 13. a3 Nxe5 14. Re3 Nxd3
15. Rxd3 Qxf2 16. Be3 Qh4 17. Qe2 Be7 18. Rd4 Qf6 19. Rf1 Qg6 20. Rf3 f5 21.
Rg3 Qf7 22. Bg5 Bxg5 23. Rxg5 O-O 24. Rh4 Rac8 25. Rgh5 h6 26. Qd2 f4 27. Ne2
f3 28. gxf3 Qxf3+ 29. Kg1 Qf1# 0-1

[Event "4NCL Online Division 2"]
[Site "online"]
[Date "2020.10.20"]
[Round "5.61"]
[White "Burrows, Martin P"]
[Black "Crowther, Mark D"]
[Result "1-0"]
[WhiteElo "2125"]
[BlackElo "2117"]
[PlyCount "27"]
[EventDate "2020.10.20"]
[WhiteTeam "Wigston 1"]
[BlackTeam "Bradford DCA Knights A"]

1. e4 e5 2. Nf3 Nc6 3. Bb5 a6 4. Ba4 Nf6 5. O-O Nxe4 6. d4 exd4 7. Re1 d5 8.
Bg5 f6 9. Nxd4 fxg5 10. Nxc6 Qd7 11. c4 b5 12. cxd5 Qf5 13. Bc2 Qxf2+ 14. Kh1
1-0

[Event "4NCL Online Division 2"]
[Site "online"]
[Date "2020.10.20"]
[Round "5.62"]
[White "Allis, Richard"]
[Black "Byron, Alan M"]
[Result "0-1"]
[WhiteElo "2052"]
[BlackElo "2180"]
[PlyCount "62"]
[EventDate "2020.10.20"]
[WhiteTeam "Bradford DCA Knights A"]
[BlackTeam "Wigston 1"]

1. d4 Nf6 2. Nf3 e6 3. Bg5 h6 4. Bxf6 Qxf6 5. Nbd2 d6 6. e4 Nd7 7. c3 g6 8. Bd3
Bg7 9. Qe2 e5 10. dxe5 Nxe5 11. Nxe5 Qxe5 12. Nc4 Qe7 13. O-O Bd7 14. Ne3 c6
15. f4 O-O-O 16. a4 Kb8 17. Qf3 Rhe8 18. Rfe1 g5 19. f5 Be5 20. Ng4 h5 21. Nxe5
Qxe5 22. Qxh5 Rh8 23. Qf3 Rxh2 24. Kf2 Rh4 25. Qe3 f6 26. a5 Rdh8 27. Ke2 Rh2
28. Rg1 R8h3 29. Qf2 d5 30. Kd2 dxe4 31. Bc2 e3+ 0-1

[Event "4NCL Online Division 2"]
[Site "online"]
[Date "2020.10.20"]
[Round "5.63"]
[White "Horspool, Philip J"]
[Black "Ther, Mate"]
[Result "0-1"]
[WhiteElo "2065"]
[BlackElo "1964"]
[PlyCount "158"]
[EventDate "2020.10.20"]
[WhiteTeam "Wigston 1"]
[BlackTeam "Bradford DCA Knights A"]

1. e4 e5 2. Nf3 Nc6 3. Bb5 a6 4. Ba4 d6 5. Bxc6+ bxc6 6. d4 exd4 7. Qxd4 Nf6 8.
O-O Be7 9. e5 c5 10. Qf4 Nd5 11. Qg3 g6 12. Bh6 Be6 13. Nbd2 Qd7 14. Rfd1 O-O-O
15. c4 Nb4 16. Qf4 d5 17. Nb3 d4 18. a3 Nc6 19. Rac1 Bg4 20. h3 Bxf3 21. Qxf3
Qe6 22. Bf4 g5 23. Bg3 h5 24. Qe2 f6 25. Re1 d3 26. Qd2 fxe5 27. Rc3 Qf5 28.
Qe3 e4 29. Qxe4 Qxe4 30. Rxe4 d2 31. Nxd2 Rxd2 32. Re6 Kd7 33. Rg6 Nd4 34. Re3
Ne2+ 35. Kf1 Nxg3+ 36. fxg3 Rf8+ 37. Ke1 Rxb2 38. Rxa6 Rxg2 39. Rd3+ Kc8 40.
Ra8+ Kb7 41. Ra5 Bd6 42. Rb3+ Kc6 43. Ra6+ Kd7 44. Rd3 Rb8 45. Kf1 Ra2 46. Rd1
Re8 47. Ra5 Rh2 48. Kg1 Ree2 49. Rxc5 Reg2+ 50. Kf1 Rxg3 51. Rcd5 Rh1+ 52. Ke2
Rxd1 53. Kxd1 c6 54. Rd4 Rxh3 55. c5 Rh1+ 56. Ke2 g4 57. Rxd6+ Kc7 58. Rg6 Kb7
59. Rg5 Rh3 60. a4 g3 61. Kf1 h4 62. Kg2 Rh2+ 63. Kg1 Ka6 64. Rg4 Ka5 65. Re4
h3 66. Rg4 Rg2+ 67. Kh1 Rh2+ 68. Kg1 Rc2 69. Rxg3 Rg2+ 70. Rxg2 hxg2 71. Kxg2
Kxa4 72. Kf2 Kb4 73. Ke3 Kxc5 74. Kd3 Kb4 75. Kc2 Kc4 76. Kc1 Kc3 77. Kb1 c5
78. Kc1 c4 79. Kb1 Kd2 0-1

[Event "4NCL Online Division 2"]
[Site "online"]
[Date "2020.10.20"]
[Round "5.64"]
[White "Johnson, Paul A"]
[Black "Turner, Lewis A"]
[Result "0-1"]
[WhiteElo "1812"]
[BlackElo "1862"]
[PlyCount "96"]
[EventDate "2020.10.20"]
[WhiteTeam "Bradford DCA Knights A"]
[BlackTeam "Wigston 1"]

1. d4 e6 2. Nf3 f5 3. g3 Nf6 4. Bg5 h6 5. Bxf6 Qxf6 6. e3 b6 7. Bg2 Bb7 8. Nbd2
Nc6 9. c3 O-O-O 10. Qe2 g5 11. Nc4 Kb8 12. Qd1 d6 13. b4 Ne7 14. a4 g4 15. Nh4
Bxg2 16. Nxg2 Bg7 17. Nf4 e5 18. Nh5 Qf7 19. Nxg7 Qxc4 20. Qc2 Qf7 21. a5 Qxg7
22. axb6 cxb6 23. Qa4 Nc8 24. O-O Qd7 25. b5 e4 26. c4 h5 27. Ra2 h4 28. Rc1
Qe7 29. Qb4 hxg3 30. fxg3 Rd7 31. Rcc2 Rc7 32. Ra3 Qd7 33. Rac3 Ne7 34. Qa3 Ng6
35. Qb2 Rhc8 36. Qa3 Nf8 37. Qb3 Ne6 38. Qa2 Ng5 39. Rf2 Rh8 40. Kf1 Qh7 41.
Ke1 Nf3+ 42. Kd1 Nxh2 43. Kc2 Nf3 44. Kb3 Qh1 45. Rcc2 Qd1 46. Ka3 Rhc8 47. Kb4
Qe1+ 48. Kb3 Qxe3+ 0-1

[Event "4NCL Online Division 2"]
[Site "online"]
[Date "2020.10.20"]
[Round "5.71"]
[White "Marsh, Sean"]
[Black "Bullen, Alex"]
[Result "0-1"]
[WhiteElo "2215"]
[BlackElo "2116"]
[PlyCount "84"]
[EventDate "2020.10.20"]
[WhiteTeam "CSC 1"]
[BlackTeam "West is Best B"]

1. c4 e6 2. Nc3 d5 3. d4 Nf6 4. cxd5 exd5 5. Bg5 c6 6. e3 Bf5 7. Qf3 Bg6 8.
Bxf6 Qxf6 9. Qxf6 gxf6 10. Nge2 Nd7 11. Ng3 Bd6 12. Kd2 h5 13. Bd3 Nb6 14. b3
a5 15. Nf5 Ba3 16. Rab1 Kd7 17. Nh4 Rhg8 18. Bxg6 fxg6 19. Kd3 g5 20. Nf3 Bd6
21. h4 g4 22. Nd2 f5 23. g3 Rge8 24. Na4 Nc8 25. Rhc1 Re7 26. Rc2 Ke6 27. Nc5+
Kf6 28. Rbc1 Nb6 29. Nb1 Rae8 30. Re1 f4 31. gxf4 Bxf4 32. Rce2 Bd6 33. e4 Bxc5
34. dxc5 Nd7 35. exd5 Nxc5+ 36. Kd2 Rxe2+ 37. Rxe2 Rxe2+ 38. Kxe2 cxd5 39. Ke3
Ke5 40. Nd2 Ne4 41. Nf1 d4+ 42. Ke2 Kf4 0-1

[Event "4NCL Online Division 2"]
[Site "online"]
[Date "2020.10.20"]
[Round "5.72"]
[White "Yeo, Gareth"]
[Black "Finn, Peter"]
[Result "1/2-1/2"]
[WhiteElo "1980"]
[BlackElo "2125"]
[PlyCount "74"]
[EventDate "2020.10.20"]
[WhiteTeam "West is Best B"]
[BlackTeam "CSC 1"]

1. e4 c5 2. Nf3 e6 3. d4 cxd4 4. Nxd4 Nc6 5. Nc3 a6 6. Nxc6 bxc6 7. Bd3 e5 8.
O-O Nf6 9. f4 d6 10. Qf3 Be7 11. Kh1 O-O 12. b3 a5 13. fxe5 dxe5 14. Bb2 Be6
15. h3 Nd7 16. Rad1 Qc7 17. Na4 Nc5 18. Nxc5 Bxc5 19. a4 Rfd8 20. Qg3 Bd4 21.
Bc1 Kh8 22. Be2 f6 23. Bg4 Bg8 24. Bf5 Bc5 25. Bg4 Be7 26. Qe3 c5 27. Ba3 c4
28. Bxe7 Qxe7 29. Rxd8 Qxd8 30. Rd1 Qb8 31. bxc4 Qb4 32. c5 Qxa4 33. Bd7 Qc4
34. c6 a4 35. Qb6 Qxc2 36. Rg1 a3 37. Qb7 Qa4 1/2-1/2

[Event "4NCL Online Division 2"]
[Site "online"]
[Date "2020.10.20"]
[Round "5.73"]
[White "Frostick, Clive A"]
[Black "Taylor, William J"]
[Result "1-0"]
[WhiteElo "2108"]
[BlackElo "1959"]
[PlyCount "131"]
[EventDate "2020.10.20"]
[WhiteTeam "CSC 1"]
[BlackTeam "West is Best B"]

1. e4 e5 2. Nc3 Nf6 3. Nf3 Nc6 4. d4 exd4 5. Nxd4 Bb4 6. Nxc6 bxc6 7. Bd3 O-O
8. O-O d5 9. exd5 Bg4 10. Ne2 cxd5 11. h3 Bh5 12. c4 dxc4 13. Bxc4 Bd6 14. Bd3
Re8 15. Qc2 Bg6 16. Bxg6 hxg6 17. Nd4 Qe7 18. Nf3 Qe4 19. Qxe4 Rxe4 20. Bd2 Rb8
21. b3 Rb5 22. Be3 a5 23. Nd2 Re6 24. Nc4 Bb4 25. Rfd1 Rd5 26. a3 Be7 27. Rxd5
Nxd5 28. Bd2 Bc5 29. Re1 Rf6 30. Re2 a4 31. bxa4 Nf4 32. Re8+ Kh7 33. Be3 Ne2+
34. Kf1 Bxe3 35. Rxe3 Rf4 36. Kxe2 Rxc4 37. a5 Rc5 38. a6 Ra5 39. Rc3 c5 40.
Kd3 Ra4 41. Kc2 c4 42. Kb2 g5 43. Rg3 f6 44. Rg4 Kh6 45. a7 f5 46. a8=Q c3+ 47.
Kb3 Rxa8 48. Rc4 Re8 49. Rxc3 Re2 50. Rc2 Re8 51. a4 Kh5 52. a5 g4 53. hxg4+
Kxg4 54. Ra2 f4 55. a6 f3 56. Ra4+ Kf5 57. gxf3 Ra8 58. a7 Ke5 59. f4+ Kd5 60.
Kc3 Kc5 61. Kd3 Kd5 62. Ra5+ Ke6 63. Ke4 Kf6 64. Ra6+ Ke7 65. f5 Kf7 66. Kf4
1-0

[Event "4NCL Online Division 2"]
[Site "online"]
[Date "2020.10.20"]
[Round "5.74"]
[White "Hurley, Jake"]
[Black "Saidmurodov, Shahjahon"]
[Result "0-1"]
[WhiteElo "1780"]
[BlackElo "2147"]
[PlyCount "64"]
[EventDate "2020.10.20"]
[WhiteTeam "West is Best B"]
[BlackTeam "CSC 1"]

1. f4 e5 2. e4 Bc5 3. Nf3 d6 4. Nc3 Nc6 5. Na4 Bg4 6. Nxc5 dxc5 7. d3 exf4 8.
Bxf4 Qf6 9. Be3 Qxb2 10. Rb1 Qc3+ 11. Bd2 Qf6 12. Be2 O-O-O 13. O-O Qe7 14. Qc1
Nf6 15. Qb2 b6 16. e5 Bxf3 17. Rxf3 Qxe5 18. c3 Rhe8 19. Re3 Qd6 20. Rxe8 Rxe8
21. Bf3 Ne5 22. Bg5 Nxf3+ 23. gxf3 Qxd3 24. f4 Re2 25. Qc1 Qf3 26. Qf1 Qg4+ 27.
Kh1 Ne4 28. Rd1 Nf2+ 29. Qxf2 Rxf2 30. Rd8+ Kb7 31. Rb8+ Kxb8 32. Bd8 Rf1# 0-1

[Event "4NCL Online Division 2"]
[Site "online"]
[Date "2020.10.20"]
[Round "5.81"]
[White "Carlin, John D"]
[Black "Carmichael, Ned"]
[Result "1-0"]
[WhiteElo "2235"]
[BlackElo "1832"]
[PlyCount "55"]
[EventDate "2020.10.20"]
[WhiteTeam "Streatham A"]
[BlackTeam "Hull & Beverley Romans 2"]

1. e4 Nf6 2. e5 Nd5 3. d4 d6 4. c4 Nb6 5. exd6 exd6 6. Nc3 Nc6 7. h3 Bf5 8. a3
Be7 9. Nf3 O-O 10. Be2 d5 11. c5 Nc8 12. Be3 Bf6 13. b4 Re8 14. O-O N8e7 15. g4
Be4 16. g5 Bxd4 17. Nxd4 Nxd4 18. Bxd4 Nf5 19. f4 h6 20. Bg4 Nxd4 21. Qxd4 hxg5
22. Rad1 f5 23. Bh5 gxf4 24. Nxe4 fxe4 25. Bxe8 Qg5+ 26. Kh1 Qg3 27. Qxd5+ Kh8
28. Qh5+ 1-0

[Event "4NCL Online Division 2"]
[Site "online"]
[Date "2020.10.20"]
[Round "5.82"]
[White "Crow, Stephen"]
[Black "Hodgson, John H"]
[Result "1-0"]
[WhiteElo "1802"]
[BlackElo "2072"]
[PlyCount "43"]
[EventDate "2020.10.20"]
[WhiteTeam "Hull & Beverley Romans 2"]
[BlackTeam "Streatham A"]

1. f4 g6 2. Nf3 Bg7 3. g3 d6 4. e4 e5 5. fxe5 dxe5 6. Bg2 Nc6 7. O-O Nge7 8. c3
O-O 9. d3 Bg4 10. Na3 Qd7 11. Nc4 Rad8 12. b4 Qxd3 13. Qxd3 Rxd3 14. b5 Bxf3
15. Bxf3 Rxc3 16. bxc6 Rxc4 17. cxb7 Nc6 18. Be2 Rxe4 19. Bf3 Rc4 20. Ba3 Rb8
21. Bd5 Rc3 22. Rxf7 1-0

[Event "4NCL Online Division 2"]
[Site "online"]
[Date "2020.10.20"]
[Round "5.83"]
[White "Horton, Justin"]
[Black "Grice, Alec"]
[Result "1-0"]
[WhiteElo "2058"]
[BlackElo "1667"]
[PlyCount "75"]
[EventDate "2020.10.20"]
[WhiteTeam "Streatham A"]
[BlackTeam "Hull & Beverley Romans 2"]

1. d4 Nf6 2. Nf3 e6 3. c4 Bb4+ 4. Bd2 Qe7 5. g3 Bxd2+ 6. Nbxd2 Nc6 7. Bg2 O-O
8. O-O d6 9. Qc2 e5 10. d5 Nb8 11. e4 a5 12. Ne1 Na6 13. a3 Bg4 14. f3 Bd7 15.
Nd3 Nh5 16. Rae1 f5 17. f4 fxe4 18. Nxe4 Bf5 19. fxe5 Bxe4 20. Rxf8+ Rxf8 21.
Rxe4 dxe5 22. Rxe5 Qf7 23. Qe2 Nf6 24. Nf4 Re8 25. Bh3 Rxe5 26. Qxe5 Qe8 27.
Be6+ Kf8 28. Qc3 Qa4 29. Kg2 Nc5 30. Bf5 Qd1 31. Qxa5 Nce4 32. Bxe4 Nxe4 33.
Ne6+ Kf7 34. Qxc7+ Kf6 35. Qxg7+ Kf5 36. Qxh7+ Ke5 37. Qg7+ Kd6 38. Qc7# 1-0

[Event "4NCL Online Division 2"]
[Site "online"]
[Date "2020.10.20"]
[Round "5.84"]
[White "Perkins, Peter T"]
[Black "Smith, Martin G"]
[Result "1/2-1/2"]
[WhiteElo "1682"]
[BlackElo "1960"]
[PlyCount "107"]
[EventDate "2020.10.20"]
[WhiteTeam "Hull & Beverley Romans 2"]
[BlackTeam "Streatham A"]

1. e4 g6 2. Nf3 Bg7 3. d4 d6 4. Bc4 Nf6 5. Nc3 O-O 6. O-O Bg4 7. h3 Bxf3 8.
Qxf3 Nc6 9. Be3 e5 10. d5 Nd4 11. Qd1 Nd7 12. Ne2 Nxe2+ 13. Qxe2 f5 14. f3 f4
15. Bf2 g5 16. Bb5 Nf6 17. Kh2 h5 18. Rh1 Qe7 19. b4 Kf7 20. c4 Rg8 21. c5 Bh6
22. g4 fxg3+ 23. Bxg3 h4 24. Bf2 Nh5 25. Rhg1 Qf6 26. Rg4 Nf4 27. Qe3 Qe7 28.
c6 b6 29. Bf1 Qf6 30. a4 a5 31. b5 Ke7 32. Ra3 Raf8 33. Qd2 Qf7 34. Qe3 Rg6 35.
Bg2 Rf6 36. Be1 Ra8 37. Bf2 Qh5 38. Be1 Ng6 39. Bd2 Nf4 40. Qf2 Qf7 41. Be1 Nh5
42. Bd2 Nf4 43. Bc1 Rf8 44. Bd2 Qe8 45. Bc1 R8f7 46. Bd2 Qa8 47. Bc1 Rg7 48.
Bd2 Nh5 49. Be1 Rf4 50. Bd2 Rxg4 51. hxg4 Nf4 52. Bxf4 gxf4 53. Kh3 Bg5 54. Qd2
1/2-1/2

[Event "4NCL Online Division 2"]
[Site "online"]
[Date "2020.10.20"]
[Round "5.91"]
[White "Madden, Paul"]
[Black "Hasson, Peter"]
[Result "0-1"]
[WhiteElo "2087"]
[BlackElo "2072"]
[PlyCount "100"]
[EventDate "2020.10.20"]
[WhiteTeam "Ashfield Anonymous A"]
[BlackTeam "CSC 2"]

1. e4 d6 2. d4 Nf6 3. Bd3 e5 4. f4 exd4 5. Nf3 Nc6 6. c3 Bg4 7. O-O Be7 8. Qe1
Bxf3 9. Rxf3 Qd7 10. Bb5 a6 11. Bxc6 Qxc6 12. cxd4 Nxe4 13. d5 Qxd5 14. Nc3
Nxc3 15. Rxc3 O-O 16. Rxc7 Bd8 17. Rc2 Bb6+ 18. Kh1 Rfe8 19. Re2 Qb5 20. Be3
Rac8 21. Qd2 Bxe3 22. Rxe3 Rxe3 23. Qxe3 Qxb2 24. Re1 g6 25. h4 Qf6 26. g3 Qf5
27. Kg2 Rc2+ 28. Re2 Qd5+ 29. Kh3 Rxe2 30. Qxe2 Qe6+ 31. Qg4 Qxg4+ 32. Kxg4 b5
33. f5 gxf5+ 34. Kxf5 b4 35. Ke4 a5 36. Kd5 a4 37. Kc4 b3 38. axb3 axb3 39.
Kxb3 f5 40. Kc4 Kf7 41. Kd5 Ke7 42. h5 h6 43. g4 fxg4 44. Ke4 g3 45. Kf3 g2 46.
Kxg2 Kf6 47. Kf3 Kg5 48. Ke4 Kxh5 49. Kd5 Kg4 50. Kxd6 h5 0-1

[Event "4NCL Online Division 2"]
[Site "online"]
[Date "2020.10.20"]
[Round "5.92"]
[White "Fegan, Chris"]
[Black "Garnett, John S"]
[Result "1-0"]
[WhiteElo "2034"]
[BlackElo "1960"]
[PlyCount "137"]
[EventDate "2020.10.20"]
[WhiteTeam "CSC 2"]
[BlackTeam "Ashfield Anonymous A"]

1. e4 d5 2. exd5 Nf6 3. Nf3 Bg4 4. Be2 Qxd5 5. O-O Nc6 6. c4 Qd7 7. Nc3 e5 8.
h3 Bf5 9. a3 Be7 10. b4 e4 11. b5 exf3 12. bxc6 Qxc6 13. Bxf3 Qxc4 14. Bxb7 Rb8
15. Qf3 Be6 16. Bc6+ Nd7 17. Nd5 Bd6 18. d3 Qd4 19. Be3 Qxd3 20. Nf4 Bxf4 21.
Qxf4 Qd6 22. Qa4 Bb3 23. Qe4+ Qe6 24. Bxd7+ Kxd7 25. Qd4+ Qd5 26. Qg4+ Qe6 27.
Qxg7 Bd5 28. Qd4 Rhg8 29. g3 Qe4 30. Qxe4 Bxe4 31. Bxa7 Rb2 32. Rad1+ Kc8 33.
Rfe1 f5 34. Bd4 Ra2 35. Ra1 Rxa1 36. Rxa1 Rd8 37. Be3 Bf3 38. Kf1 Rd1+ 39. Rxd1
Bxd1 40. Ke1 Ba4 41. Kd2 Kd7 42. Kc3 Kc6 43. Kb4 Bc2 44. a4 Bd3 45. a5 Bf1 46.
h4 h5 47. Bf4 Be2 48. Kc3 Kb7 49. Kd4 Bf3 50. Ke5 Bg4 51. Ke6 Kc6 52. Ke7 Kb7
53. Be3 Bf3 54. Kd7 Ka6 55. Bd2 c6 56. Kc7 Be4 57. Kd6 Bf3 58. Kc5 Be4 59. Kd4
Bf3 60. Ke5 Bg4 61. Kf4 Kb5 62. f3 Bh3 63. Kg5 Bg2 64. Kxh5 Bxf3+ 65. Kg5 Be4
66. h5 Bd3 67. h6 f4 68. gxf4 Be4 69. f5 1-0

[Event "4NCL Online Division 2"]
[Site "online"]
[Date "2020.10.20"]
[Round "5.93"]
[White "Truman, Richard G"]
[Black "Kallitsis, Nikolaos"]
[Result "1-0"]
[WhiteElo "2035"]
[BlackElo "2034"]
[PlyCount "59"]
[EventDate "2020.10.20"]
[WhiteTeam "Ashfield Anonymous A"]
[BlackTeam "CSC 2"]

1. d4 e6 2. g3 f5 3. Bg2 Nf6 4. Nf3 Nc6 5. b3 b6 6. Bb2 Bb7 7. O-O d5 8. c4 Bd6
9. Nc3 Ne4 10. cxd5 Nxc3 11. Bxc3 exd5 12. Qd2 Qf6 13. b4 O-O 14. b5 Ne7 15.
Rac1 Rad8 16. Bb4 Ng6 17. Bxd6 Qxd6 18. Qc3 Rd7 19. Ne5 Nxe5 20. dxe5 Qe6 21.
Qd4 g5 22. Rc3 f4 23. Rfc1 Rff7 24. Rc6 Bxc6 25. Rxc6 Qf5 26. e6 Qb1+ 27. Bf1
Qxb5 28. exd7 Rxd7 29. Qf6 d4 30. Qe6+ 1-0

[Event "4NCL Online Division 2"]
[Site "online"]
[Date "2020.10.20"]
[Round "5.94"]
[White "Lawson, Maurice E"]
[Black "Flynn, David"]
[Result "0-1"]
[WhiteElo "1983"]
[BlackElo "1862"]
[PlyCount "86"]
[EventDate "2020.10.20"]
[WhiteTeam "CSC 2"]
[BlackTeam "Ashfield Anonymous A"]

1. e4 e6 2. d4 d5 3. Nc3 Bb4 4. exd5 exd5 5. Bd3 Nc6 6. a3 Bxc3+ 7. bxc3 Nf6 8.
Ne2 O-O 9. Bg5 h6 10. Bh4 Na5 11. O-O Qd6 12. Bg3 Qc6 13. Rb1 Nc4 14. Qc1 Re8
15. Nf4 Ne4 16. Bxe4 Rxe4 17. f3 Re7 18. Nd3 a5 19. Re1 Rxe1+ 20. Nxe1 b6 21.
Nd3 Bf5 22. Qf4 Bxd3 23. cxd3 Nxa3 24. Rc1 Nb5 25. c4 Nd6 26. c5 Ne8 27. cxb6
Qxb6 28. Qe5 Qe6 29. Qf4 a4 30. Qd2 Qb6 31. Qc3 a3 32. Qa1 Qb2 33. Rb1 Qd2 34.
Rd1 Qb2 35. Rb1 Qd2 36. Rd1 Qa5 37. Be1 Qa4 38. Bc3 Rb8 39. Rd2 Qb3 40. Ra2
Qb1+ 41. Qxb1 Rxb1+ 42. Kf2 Rb3 43. Ba5 Rb2+ 0-1